MDQL
is popping MORE tags! Check the
thread
!
Quizzes
Events
Quiz Creation
Community
Videos
Private Events
Remove Ads
Sign In
Join for FREE
Feedback
Dark Mode
Quiz Categories
Sports
Geography
Music
Movies
Television
Just For Fun
Miscellaneous
History
Literature
Language
Science
Gaming
Entertainment
Religion
Holiday
For Kids
Quiz Lab
Recent
Popular Today
Quiz Kudos Today
Editor Picks
Curator Picks
Quizzes by...
Day
Popularity
Type
Ratings
Length
Year
Community
Subscriptions
Recent Discussions
Orange Saloon
Badges
Playlists
Quests
Create
Leaderboards
Showdown
Live 5
Trivia Bingo
Activity
Puzzle Library
Sporcle Events
Private Events
Virtual Trivia
Globe League
Become a Host
Pub Owners
SporcleCon
Opinionation
Our Games
Videos
Blog
Mobile Apps
Partnerships
Remove Ads and Go Orange
Feedback
Music
Pop Music
The Beatles
Song
Album
Lyrics
Bands
Singers
Artist
Clip
Rock
Rap
Classical
Billboard
Country Music
Kpop
Taylor Swift
Music
Pop Music
The Beatles
Song
Album
Lyrics
Bands
Singers
Artist
Clip
Rock
Rap
Classical
Billboard
Country Music
Kpop
Taylor Swift
Random Quiz
Search Sporcle
×
Quiz Lab
Quiz Lab
Music
Song
Type in answers that appear in a list
Type in answers that appear in a list
Classic
Best Score? Go Orange.
Words in Avril Lavigne songs Stats
Does this word appear in the Avril Lavigne song (type Y for yes or N for no)?
By
Tamy_XD
3m
35 Questions
184 Plays
184 Plays
184 Plays
Comments
Comments
Give Quiz Kudos
Give Quiz Kudos
-
- Ratings
hide this ad
Forced Order
Answers have to be entered in order
Answers have to be entered in order
Wrong Answers
Some wrong answers will appear in red
Some wrong answers will appear in red
Random Order
Randomize order of answers
Randomize order of answers
Replay
Link that replays current quiz
Next Quiz
Link to next quiz in quiz playlist
You Got
0%
They Got
Avg Score
49%
Avg Friend Score
Upgrade to see
Score Distribution
Jump to the score distribution portion of the page
Score
0/35
Timer
03:00
0
Plays Today
Hint
Yes/No
% Correct
What The Hell: 'around'?
???
67.9%
My Happy Ending: 'feel'?
???
62%
Fall To Pieces: 'this'?
???
62%
Contagious: 'right'?
???
60.3%
Hot: 'love'?
???
59.8%
Remember When: 'time'?
???
59.2%
Bitchin' Summer: 'got'?
???
58.7%
Contagious: 'just'?
???
58.7%
Forgotten: 'ever'?
???
56.5%
Runaway: 'world'?
???
55.4%
Take Me Away: 'them'?
???
55.4%
Too Much To Ask: 'look'?
???
54.3%
Sk8er Boi: 'after'?
???
54.3%
Alone: 'that'?
???
53.3%
Complicated: 'live'?
???
51.6%
Not Enough: 'away'?
???
51.1%
Why: 'back'?
???
50%
Keep Holding On: 'once'?
???
48.4%
Hint
Yes/No
% Correct
The Best Damn Thing: 'her'?
???
47.8%
Don't Tell Me: 'we'?
???
46.7%
He Wasn't: 'you'?
???
46.7%
Mobile: 'you'?
???
45.7%
Bad Girl: 'anything'?
???
45.1%
Fly: 'I'?
???
43.5%
Things I'll Never Say: 'something'?
???
42.4%
17: 'then'?
???
41.8%
Falling Fast: 'now'?
???
41.3%
Smile: 'just'?
???
40.8%
Get Over It: 'how'?
???
40.8%
4 Real: 'thing'?
???
40.2%
Rock N Roll: 'they'?
???
39.7%
Not Enough: 'anything'?
???
39.1%
Losing Grip: 'afraid'?
???
38.6%
Nobody's Fool: 'as'?
???
36.4%
I Will Be: 'anything'?
???
31%
Quiz Playlist
Details
Report
Send in Message
Add To Playlist
Classic:
Type in answers that appear in a list
Forced Order:
Answers have to be entered in order
Wrong Answers:
Some wrong answers will appear in red
Random Order:
Randomize order of answers
Last Updated: Feb 16, 2017
Quiz Scoreboard
CHALLENGE
Sign Up to Join the Scoreboard
Show All
Scores
Hide
Comments
May contain spoilers
Recently Published
Street Fighter Characters
by Artimus82
Gaming
60s
9x9 Crossword: Cartoon Network
by jackfrog10
Miscellaneous
3m
College Basketball Coaching Resumes
by pancakes188
Sports
9m
More to Explore
Quiz From the Vault
Featured Blog Post
Where Did the Easter Bunny Come From?
hide this ad
You Might Also Like...
Tags
Song Quiz
1-word
Avril Lavigne
Today's Top Quizzes in Music
Browse Music
hide this ad
Today's Top Quizzes in Song
Browse Song
Top Contributed Quizzes in Music
1
Taylor Swift All Songs (2024)
2
Taylor Swift Logic Puzzle
3
Guess the Artist- 70s Songs
4
7-to-1: Billboard Hot 100 #1 Hits of 2010s
5
Sorting Albums and Songs
6
KPOP LOGIC QUIZ
7
Guess the Taylor Swift song (Mystery Song)
8
Guess The Taylor Swift Lyrics Song #1
9
Billboard Blitz: ABBA
10
Billboard Blitz: The Beatles
Explore More
Trending Topics
Marvel
Anime
Harry Potter
NBA
Crossword
Kpop
Disney
Puzzle
WWE
Pokémon
The Office
Song
Soccer
Country
NFL
hide this ad
More By:
Tamy_XD
Quiz
Plays
Rating
Category
Featured
Created
Words in Avril Lavigne songs
184
5.00
Music
Jan 30, 2016
Go to Creator's Profile
Score Distribution
Quiz Creator Spotlight
Tamy_XD
Follow
Send a Message
Quizzes Created
-
Created Quiz Play Count
-
More By This Creator
Popular Quizzes Today
1
Find the US States - No Outlines Minefield
2
Find the Countries of Europe - No Outlines Minefield
3
The Countries of the World
4
Find the US States
5
Risky Map Clicking: Biggest States A-Z
6
US States
7
Popular People in 1961
8
Movies - When Are They Set?
More Music Quizzes
Mutual Missing Word: 'H' Albums
Quiz Lab
Trending Quizzes
Risky Map Clicking: Least Populous States A-Z
Countries of the World: 200 Million BC
Billboard Blitz: Aretha Franklin
1-10 Letter G Words
Famous Russians: Author or Composer?
Recently Updated
Leaping Animals
pecheneg
Reality TV Shows (A-Z)
bhenderson79
Rickey Henderson's Hall of Fame Teammates
pecheneg
Champions League XIs: Arsenal
pecheneg
Quick Pick: Celebrities in WWE's Hall of Fame
aduchscher
A-Z Keypad Blitz II
pecheneg
Multiple Oscar Actors
pecheneg
Mystery Phrase Blitz: Oscar 'Best Actors'
pecheneg
F. Scott Fitzgerald Novels
LTH
Pick 3 Villains
ddd62291
Trending Topics
Kpop
Marvel
NBA
Harry Potter
Crossword
Disney
Anime
Puzzle
Country
Song
Pokémon
Soccer
The Office
NFL
WWE
Your Account Isn't Verified!
In order to create a playlist on Sporcle, you need to verify the email address you used during registration. Go to your
Sporcle Settings
to finish the process.
Report this User
Report this user for behavior that violates our
Community Guidelines
.
Details:
Send Report
Go to the Sporcle.com Mobile Site →
Comments